1868 1442 1479 1259 1997 1384 1384 1206 1988 1351 1783 1388 1931 1182 1679 1167 1896 1322 1600 1112 1732 1914 1828 1931 1302 1184 1243 1688 1936 1695 1718 1162 1472 1988 1066 1668 1596 1915 1702 1238 1126 1088 1997 1545 1647 1547 1102 1980 1193 1646 1067 1059 1895 1087 1820 1600 1749 1317 1465 1677 1101 1478 1933 1777 1424 1387 1736 1154 1421 1227 1568 1187 1516 1060 1366 1093 1962 1670 1028 1020 1870 1944 1854 1236 1340 1515 1290 1224 1206 1787 1022 1038 1451 1878 1156 1932 1305 1632 1975 BCNSPRNW ULIB Ver.6.0+V

เปลี่ยนเป็นภาษาไทย

Change to English
 แสดงรายละเอียดบรรณานุกรม
  กลับหน้าหลัก

Brief Record : Get Marc (ISO 2709) : E-mail record : QR code < ปิดหน้าต่าง
LEADER : 00000nam 2200000uu 4500
001    13399111557
003     ULIB
008    110701s||||||||th 000 0 tha d
020    9789747322828
050  4 BQ4570.F5^bพ355ม 2551
100 0  พระไพศาล วิสาโล,^d2500-
245 10 มีใจเป็นมิตร มีจิตเป็นเพื่อน :^bธรรมบรรยาย 1 /^cบรรยาย,พระไพศาล วิสาโล; บรรณาธิการ, นิพนธ์ แจ่มดวง
250    พิมพ์ครั้งที่ 3
260    กรุงเทพฯ :^bสวนเงินมีมา,^c2550
300    137 หน้า :^bภาพประกอบสี ;^c17 ซม.
440  0 ชุดศาสนธรรม
650  7 การดำเนินชีวิต
650  7 ธรรมะกับชีวิตประจำวัน
650  7 มิตรภาพ^xแง่ศาสนา^xพุทธศาสนา
700 0  นิพนธ์ แจ่มดวง,^eบรรณาธิการ
945    ^p120^l0^i027986
995    ทศพร
999 ^a ใช้งานได้ทุกระบบ
รายการนี้ยังไม่มีแท็ก
คุณยังไม่ได้ล็อกอิน คุณสามารถมีกิจกรรมร่วมกับเว็บไซต์ได้ แต่ต้องล็อกอินก่อน ::
  ล็อกอิน

รายการสื่อสารสนเทศ

ลำดับที่ ประเภท เลขเรียก/บาร์โค้ด สถานที่ สถานะ
- ไม่พบข้อมูล -

รายการใกล้เคียง
    หัวเรื่อง [การดำเนินชีวิต]
    หัวเรื่อง [ธรรมะกับชีวิตประจำวัน]

BibComment


ยังไม่เคยถูกคอมเมนท์

คอมเมนท์ทรัพยากรรายการนี้
  คอมเมนท์: มีใจเป็นมิตร มีจิ..


 Copyright 2026. Bcnsprnw @Library